Introducción a la inferencia estadística (Registro nro. 2926)

Detalles MARC
000 -LEADER
fixed length control field 01831 a2200253 4500
001 - CONTROL NUMBER
control field 38843
005 - DATE AND TIME OF LATEST TRANSACTION
control field 20260407155649.0
008 - FIXED-LENGTH DATA ELEMENTS--GENERAL INFORMATION
fixed length control field 260407a1982 arg spa d
003 - CONTROL NUMBER IDENTIFIER
control field AR-UNSa-BCEJYS
040 ## - CATALOGING SOURCE
Original cataloging agency AR-UNSa-BCEJYS
Language of cataloging spa
Transcribing agency AR-UNSa-BCEJYS
080 ## - UNIVERSAL DECIMAL CLASSIFICATION NUMBER
Universal Decimal Classification number 519.23
Common auxiliary subdivision Análisis estadístico. Métodos de inferencia (Métodos no paramétricos...)
020 ## - INTERNATIONAL STANDARD BOOK NUMBER
International Standard Book Number 968-24-0167-7
041 ## - LANGUAGE CODE
Language code of text/sound track or separate title spa
100 1# - MAIN ENTRY--PERSONAL NAME
Personal name Freeman, Harold
245 10 - TITLE STATEMENT
Title Introducción a la inferencia estadística
250 ## - EDITION STATEMENT
Edition statement 1a ed., 2a. reimp.
264 #1 - PRODUCTION, PUBLICATION, DISTRIBUTION, MANUFACTURE, AND COPYRIGHT NOTICE
Place of production, publication, distribution, manufacture México :
Name of producer, publisher, distributor, manufacturer Trillas
Date of production, publication, distribution, manufacture, or copyright notice 1982
300 ## - PHYSICAL DESCRIPTION
Extent 464 p.
Dimensions 23 cm.
505 ## - FORMATTED CONTENTS NOTE
Formatted contents note 1. Elementos de probabilidad - 2. Variables aleatorias - 3. Variables aleatorias; valores esperados - 4. Dos variables aleatorias - 5. Dos variables aleatorias; valores esperados - 6. Dos variables aleatorias; esperanza condicional y predicción - 7. Diversas variables aleatorias - 8. Cambio de variable - 9. Permutaciones y combinaciones - 10. Distribución binomial - 11. La distribución de Poisson - 12. Distribución hipergeométrica - 13. Distribución binomial negativa - 14. Distribución multinomial - 15. Distribuciones uniformes de Laplace y Cauchy - 16. Distribución normal en una variable - 17. Distribución normal en dos variables - 18. Series de Gram-Charlier y polinomios de Hermite - 19. Muestro aleatorio - 20. Convolución - 21. Muestreo de poblaciones en general - 22. Estadísticas de orden - 23. Muestreo de una población normal - 24. Regla de Bayes - 25. Estimación puntual - 26. Máxima verosimilitud - 27. Los mejores estimadores lineales insesgados - 28. Pruebas de hipótesis estadísticas - 29. Estimación por intervalos - 30. Regresión: dos variables
590 ## - LOCAL NOTE (RLIN)
Local note niveau_biblio:m niveau_hierar:0
700 1# - ADDED ENTRY--PERSONAL NAME
Personal name Nieto de Pascual, José
700 1# - ADDED ENTRY--PERSONAL NAME
Personal name Velasco Coba, Federico
942 ## - ADDED ENTRY ELEMENTS (KOHA)
Koha item type
Existencias
Withdrawn status Lost status Damaged status Not for loan Home library Current library Shelving location Date acquired Total checkouts Full call number Barcode Date last seen Price effective from Koha item type
        Biblioteca Prof. Eusebio Cleto del Rey Biblioteca Prof. Eusebio Cleto del Rey   07/04/2026   519.23 F855 L53100 07/04/2026 07/04/2026 Libro